|
|
|
|
| LEADER |
00000naa0a2200000 4500 |
| 001 |
597001 |
| 005 |
20250127163541.0 |
| 035 |
|
|
|a (RuTPU)RU\TPU\tpu\20093
|
| 090 |
|
|
|a 597001
|
| 100 |
|
|
|a 20110929d1992 k||y0rusy50 ca
|
| 101 |
0 |
|
|a rus
|
| 102 |
|
|
|a RU
|
| 200 |
1 |
|
|a Микросекундные плазменные прерыватели тока
|f В. М. Быстрицкий [и др.]
|
| 333 |
|
|
|a В фонде НТБ ТПУ отсутствует
|
| 461 |
|
|
|t Физика элементарных частиц и атомного ядра
|o научный обзорный журнал
|f Объединенный институт ядерных исследований (ОИЯИ)
|d 1972-1994
|
| 463 |
|
|
|t Т. 23, вып. 1
|v С. 19-57
|d 1992
|
| 610 |
1 |
|
|a труды учёных ТПУ
|
| 701 |
|
1 |
|a Быстрицкий
|b В. М.
|
| 701 |
|
1 |
|a Месяц
|b Г. А.
|c российский физик
|c академик, вице-президент РАН
|c выпускник Томского политехнического института
|f 1936-
|g Геннадий Андреевич
|3 (RuTPU)RU\TPU\pers\17099
|4 070
|
| 701 |
|
1 |
|a Ким
|b А. А.
|
| 701 |
|
1 |
|a Ковальчук
|b Б. М.
|c российский электрофизик
|c профессор-консультант Томского политехнического университета
|c зав. лаб. Института сильноточной электроники Томского политехнического университета
|c выпускник ЭЭФ Томского политехнического института 1962 г., академик РАН
|f 1939-
|g Борис Михайлович
|3 (RuTPU)RU\TPU\pers\27417
|4 070
|
| 701 |
|
1 |
|a Красик
|b Я. Е.
|
| 801 |
|
1 |
|a RU
|b 63413507
|c 20110929
|
| 801 |
|
2 |
|a RU
|b 63413507
|c 20111004
|g RCR
|
| 942 |
|
|
|c CR
|